| 000 | 00000nam 2200000za 4500 |
| 001 | 9.864666 |
| 003 | CaOODSP |
| 005 | 20221107161614 |
| 007 | cr ||||||||||| |
| 008 | 181211s2018 onc o f000 0 eng d |
| 020 | |a9780660284927 |
| 040 | |aCaOODSP|beng |
| 043 | |an-cn--- |
| 086 | 1 |aCP22-170/2018E-PDF |
| 245 | 00|aReport to the Clerk of the Privy Council |h[electronic resource] : |ba data strategy roadmap for the federal public service. |
| 246 | 30|aData strategy roadmap for the federal public service |
| 260 | |a[Ottawa] : |bGovernment of Canada, |c[2018] |
| 300 | |a55 p. |
| 500 | |aIssued also in French under title: Rapport au greffier du Conseil privé : feuille de route de la stratégie de données pour la fonction publique fédérale. |
| 500 | |aCover title. |
| 500 | |aIssued by: Privy Council Office. |
| 500 | |aIssued also in HTML format. |
| 504 | |aIncludes bibliographic references (p. 55). |
| 520 | |a"Public service modernization efforts focus on a more transparent, collaborative, citizen-centered and digitally enabled public service. A forward-looking, open approach to data is an essential piece of public service renewal"--Executive Summary, p. 4. |
| 692 | 07|2gccst|aPublic service |
| 692 | 07|2gccst|aInformation management |
| 710 | 1 |aCanada. |bPrivy Council Office. |
| 775 | 08|tRapport au greffier du Conseil privé |w(CaOODSP)9.864667 |
| 856 | 40|qPDF|s4.23 MB|uhttps://publications.gc.ca/collections/collection_2018/bcp-pco/CP22-170-2018-eng.pdf |
| 856 | 4 |qHTML|sN/A|uhttps://www.canada.ca/en/privy-council/corporate/clerk/publications/data-strategy.html |